Sudden Death - Female Leaders - Statistics

General Stats
  • This quiz has been taken 379 times
  • The average score is 6 of 16
Answers on the Grid
Answers color-coded by a green-red scale on the quiz's grid according to % correct below.
India
United States
United Kingdom
Spain
Philippines
Germany
Colombia
Bangladesh
Pakistan
Saudi Arabia
Brazil
Japan
New Zealand
Myanmar
Nigeria
Mexico
Kazakhstan
Argentina
France
Turkey
Egypt
Liberia
Russia
Italy
Iran
Israel
Algeria
 
Answer Stats
Answer % Correct
United Kingdom
78%
Germany
66%
New Zealand
62%
Italy
54%
India
52%
Mexico
40%
Argentina
39%
Israel
39%
Pakistan
34%
Bangladesh
27%
Brazil
27%
Philippines
27%
Myanmar
24%
France
15%
Liberia
10%
Turkey
6%
No matching quizzes found
Score Distribution
Percent of People with Each Score
Percentile by Number Answered
Your Score History
You have not taken this quiz